000 00814nam a2200241Ia 4500
999 _c41056
_d41056
001 7705
003 GE_BSU
005 20190717155314.0
008 181216s2012||||en |||||||||||||| ||eng||
020 _a9781408237052.
080 _a811.111-8 + 338.22(075) C-84
100 _aCotton David.
_93235
245 _aMarket Leader : Course book : Elemantary: Business English /
_cDavid Cotton ; David Falvey ; Simon Kent ; with Nina O' Driscoll.
250 _a3 rd Edition.
264 _aEdinburgh Gate :
_bFinancial times,
_c2012.
300 _a177 p .:
_bill;
_c28 cm.
_e+ 1 CD.
653 _aBusiness English
653 _aბიზნეს ინგლისური
700 _aFalvey, David
_93247
700 _aKent, Simon
_93237
700 _aNina, O' Driscoll
_93248
942 _cBK
_2udc